书目信息 |
| 题名: |
大学语文
|
|
| 作者: | 何静 , 王吉尧 主编 | |
| 分册: | 写作与演讲 | |
| 出版信息: | 北京 外语教学与研究出版社 2010.05 |
|
| 页数: | 316页 | |
| 开本: | 21cm | |
| 丛书名: | ||
| 单 册: | ||
| 中图分类: | H15-43 | |
| 科图分类: | ||
| 主题词: | 演讲--Yan Jiang--高等学校--教材 , 汉语--Han Yu--写作--高等学校--教材 | |
| 电子资源: | ||
| ISBN: | 978-7-5600-6527-4 | |
| 000 | 01033nam 2200289 450 | |
| 001 | 296911 | |
| 005 | 20110830170047.43 | |
| 010 | @a978-7-5600-6527-4@dCNY18.00 | |
| 100 | @a20071009d2010 em y0chiy50 ea | |
| 101 | 0 | @achi |
| 102 | @aCN@b110000 | |
| 105 | @aa z 000yy | |
| 106 | @ar | |
| 200 | 1 | @a大学语文@ADa Xue Yu Wen@i写作与演讲@f主编王吉尧, 何静 |
| 210 | @a北京@c外语教学与研究出版社@d2010.05 | |
| 215 | @a316页@c图@d21cm | |
| 330 | @a本教材根据《军队院校本科大学语文教学基本要求》编写而成,是新一代全军院校统编教材,适用于全军及武警部队院校各专业。“写作与演讲”突出学员岗位语言应用能力的培养,注重实用性。本套教材既体现了鲜明的军队特色,又保持了大学语文学科的系统性。 | |
| 333 | @a全军院校统编教材 | |
| 517 | 1 | @a写作与演讲@AXie Zuo Yu Yan Jiang |
| 586 | @a | |
| 606 | 0 | @a演讲@AYan Jiang@x高等学校@j教材 |
| 606 | 0 | @a汉语@AHan Yu@x写作@x高等学校@j教材 |
| 690 | @aH15-43@v5 | |
| 701 | 0 | @a何静@AHe Jing@4主编 |
| 701 | 0 | @a王吉尧@AWang Ji Yao@4主编 |
| 801 | 0 | @aCN@c20110610 |
| 905 | @dH15-43@eW220 | |
| 大学语文.写作与演讲/主编王吉尧, 何静.-北京:外语教学与研究出版社,2010.05 |
| 316页:图;21cm |
| 使用对象:全军院校统编教材 |
| ISBN 978-7-5600-6527-4:CNY18.00 |
| 本教材根据《军队院校本科大学语文教学基本要求》编写而成,是新一代全军院校统编教材,适用于全军及武警部队院校各专业。“写作与演讲”突出学员岗位语言应用能力的培养,注重实用性。本套教材既体现了鲜明的军队特色,又保持了大学语文学科的系统性。 |
| ● |
| 相关链接 |
|
|
|
正题名:大学语文
索取号:H15-43/W220
 
预约/预借
| 序号 | 登录号 | 条形码 | 馆藏地/架位号 | 状态 | 备注 |
| 1 | 889599 | 208895999 | 语言库209/209语言库 74排1列5层/ [索取号:H15-43/W220] | 在馆 | |
| 2 | 889600 | 208896006 | 语言库209/209语言库 74排1列5层/ [索取号:H15-43/W220] | 在馆 | |
| 3 | 889601 | 208896015 | 语言库209/209语言库 74排1列5层/ [索取号:H15-43/W220] | 在馆 |